Study on impact of the special program for food security in kompong cham province, ការសិក្សាលើឥទ្ធិពលនៃកម្មវិធីពិសេសដើម្បីសន្តិសុខស្បៀងប្រចាំខេត្តកំពង់ចាម (Record no. 1364)

000 -LEADER
fixed length control field 00665nam a22001577a 4500
003 - CONTROL NUMBER IDENTIFIER
control field OSt
005 - DATE AND TIME OF LATEST TRANSACTION
control field 20150927163245.0
008 - FIXED-LENGTH DATA ELEMENTS--GENERAL INFORMATION
fixed length control field 150927b xxu||||| |||| 00| 0 eng d
040 ## - CATALOGING SOURCE
Transcribing agency RUA
082 ## - DEWEY DECIMAL CLASSIFICATION NUMBER
Classification number ATM.Sp. KON 2003 B058 Or.1
100 ## - MAIN ENTRY--PERSONAL NAME
9 (RLIN) 1453
Personal name KONG, SOTHEARO.
245 ## - TITLE STATEMENT
Title Study on impact of the special program for food security in kompong cham province, ការសិក្សាលើឥទ្ធិពលនៃកម្មវិធីពិសេសដើម្បីសន្តិសុខស្បៀងប្រចាំខេត្តកំពង់ចាម
260 ## - PUBLICATION, DISTRIBUTION, ETC. (IMPRINT)
Place of publication, distribution, etc. Phnom Penh
Name of publisher, distributor, etc. RUA
Date of publication, distribution, etc. 2003
300 ## - PHYSICAL DESCRIPTION
Extent 67p.
Other physical details ill.
Dimensions 29cm.
942 ## - ADDED ENTRY ELEMENTS (KOHA)
Source of classification or shelving scheme
Koha item type ATM.s
Holdings
Price effective from Date last seen Permanent Location Not for loan Date acquired Source of classification or shelving scheme Koha item type Barcode Lost status Damaged status Shelving location Withdrawn status Current Location Full call number
2015-09-272015-09-27Library Block B 2015-09-27 ATM.sRUA001559  B058 Library Block BATM.Sp. KON 2003 B058 Or.1
2015-09-272015-09-27Library Block B 2015-09-27 ATM.sRUA001333  B058 Library Block BATM.Sp. KON 2003 B058 Or.2
2015-09-272015-09-27Library Block B 2015-09-27 ATM.sRUA001405  B058 Library Block BATM.Sp. KON 2003 B058 Or.3
2015-09-272015-09-27Library Block B 2015-09-27 ATM.sRUA001261  B058 Library Block BATM.Sp. KON 2003 B058 Or.4
2015-09-272015-09-27Library Block B 2015-09-27 ATM.sRUA001477  B058 Library Block BATM.Sp. KON 2003 B058 Or.5
2015-09-272015-09-27Library Block B 2015-09-27 ATM.sRUA001133  B058 Library Block BATM.Sp. KON 2003 B058 Or.6
2015-09-272015-09-27Library Block B 2015-09-27 ATM.sRUA001560  B058 Library Block BATM.Sp. KON 2003 B058 Or.7
2015-09-272015-09-27Library Block B 2015-09-27 ATM.sRUA001349  B058 Library Block BATM.Sp. KON 2003 B058 Or.8
មជ្ឈមណ្ឌលឯការនៃសាកលវិទ្យាល័យភូមិន្ទកសិកម្មចំការដូង

Powered by Koha